[Event "Open A"]
[Site "Prague CZE"]
[Date "2006.01.15"]
[Round "3"]
[White "Neelotpal,D"]
[Black "Clery,N"]
[Result "1/2-1/2"]
[WhiteElo "2509"]
[BlackElo "2254"]

1.e4 e6 2.d4 d5 3.Nd2 Be7 4.Ngf3 Nf6 5.e5 Nfd7 6.Bd3 c5 7.c3 Nc6 8.O-O Qb6
9.dxc5 Nxc5 10.Bc2 a5 11.Nb3 Ne4 12.Nbd4 f6 13.exf6 Bxf6 14.Qe2 O-O 15.Bxe4 dxe4
16.Qxe4 Nxd4 17.Nxd4 Bxd4 18.cxd4 Bd7 19.Bf4 Qc6 20.Qe3 Qd5 21.f3 Bc6 22.Be5 a4
23.a3 Rac8 24.Rf2 Qd7 25.Qg5 Bd5 26.Re1 Rc6 27.h4 Qf7 28.Kh2 Rfc8 29.Ree2 Qg6
30.Qe7 Qf7 31.Qg5 Qg6 32.Qe7 Qf7 33.Qxf7+ Kxf7 34.f4 g6 35.h5 Rc1 36.Bd6 R8c4
37.Bc5 Rd1 38.Re5 Kf6 39.Bb4 Rcc1 40.hxg6 hxg6 41.Re3 Rf1 42.Ree2 Rxf2 43.Rxf2 Bb3
44.Bc3 Kf5 45.Kh3 Rc2 46.Rxc2  1/2-1/2

[Event "Open A"]
[Site "Prague CZE"]
[Date "2006.01.17"]
[Round "6"]
[White "Bassier,J"]
[Black "Pavelka,J"]
[Result "0-1"]
[WhiteElo "2101"]
[BlackElo "2216"]

1.e4 e6 2.d4 d5 3.Nd2 a6 4.e5 c5 5.c3 Nc6 6.Ngf3 cxd4 7.cxd4 Nge7 8.Bd3 Nf5
9.Nb3 Be7 10.O-O O-O 11.Bf4 Bd7 12.Rc1 Nb4 13.Bb1 Bb5 14.Re1 a5 15.Rc3 h6
16.a3 Nc6 17.g4 Nh4 18.Nxh4 Bxh4 19.Qc2 f5 20.exf6 Rxf6 21.Qh7+ Kf7 22.g5 Bxf2+
23.Kh1 Bxe1 24.gxf6 Qxf6 25.Rf3 Be2 26.Re3 Qxf4 27.Bg6+ Kf6 28.Rxe6+ Kg5  0-1

[Event "Open"]
[Site "Zagreb CRO"]
[Date "2006.01.17"]
[Round "4"]
[White "Jerkovic,I"]
[Black "Brumen,D"]
[Result "0-1"]
[WhiteElo "2132"]
[BlackElo "2362"]

1.e4 e6 2.d4 d5 3.Nd2 Nc6 4.Ngf3 Nf6 5.e5 Nd7 6.Be2 f6 7.exf6 Nxf6 8.O-O Bd6
9.c4 O-O 10.b3 Bd7 11.Bb2 Be8 12.Ne5 Ne4 13.c5 Bxe5 14.Nxe4 Bxh2+ 15.Kxh2 Qh4+
16.Kg1 Qxe4 17.Bd3 Qh4 18.g3 Qh3 19.Be2 h5 20.Rc1 Bg6 21.Rc3 Be4 22.Bf3 Rxf3
23.Rxf3 g5 24.Re1 g4 25.Rf8+ Rxf8 26.Rxe4 dxe4 27.Qd2 Rf3 28.d5 e3  0-1

[Event "4th Parsvnath Open"]
[Site "New Delhi IND"]
[Date "2006.01.21"]
[Round "9"]
[White "Chernyshov,K"]
[Black "Raetsky,A"]
[Result "1/2-1/2"]
[WhiteElo "2539"]
[BlackElo "2431"]

1.e4 e6 2.d4 d5 3.Nd2 Nc6 4.Ngf3 Nf6 5.e5 Nd7 6.c4 dxc4 7.Bxc4 Nb6 8.Bb5 Bd7
9.Be2 Nb4 10.a3 N4d5 11.Ne4 Bc6 12.Qc2 Qd7 13.Nc5  1/2-1/2

[Event "Open"]
[Site "Zagreb CRO"]
[Date "2006.01.21"]
[Round "8"]
[White "Palac,M"]
[Black "Saric,Ib"]
[Result "1/2-1/2"]
[WhiteElo "2571"]
[BlackElo "2441"]

1.e4 e6 2.d4 d5 3.Nd2 Nc6 4.Ngf3 Nf6 5.e5 Nd7 6.Be2 f6 7.exf6 Qxf6 8.Nf1 Bd6
9.Ne3 O-O 10.O-O Nb6 11.Ng4 Qg6 12.Nfe5 Nxe5 13.Nxe5 Bxe5 14.dxe5 c5 15.c3 Bd7
16.Be3 Rac8 17.Bd3 Qf7 18.b3 h5 19.Bg5 Be8 20.c4 dxc4 21.bxc4 Rc7 22.Qe2 Bc6
23.Qc2 Ba4 24.Qb1 Qd7 25.Be3 Nc8 26.Bh7+ Kh8 27.Bg6 Ne7 28.Bxh5 Nf5 29.Qe4 Qe7
30.Qg4 Be8 31.Bg5 Qd7 32.Rad1 Qc6 33.Rd8 Rc8 34.Bxe8 Rxe8 35.Qh5+ Kg8 36.Qxe8+ Qxe8
37.Rxe8+ Rxe8 38.Rd1 Nd4 39.Be3 Nc6 40.f4 b6 41.Kf2 Na5 42.Rc1 Rd8 43.Ke2 Kf7
44.Bd2 Nc6 45.Bc3 Nd4+ 46.Ke3 Nf5+ 47.Ke4 Rh8 48.h3 Rd8 49.Re1 Ng3+ 50.Kf3 Nf5
51.Ke4 Ng3+ 52.Kf3  1/2-1/2

[Event "Classic"]
[Site "Queenstown NZL"]
[Date "2006.01.23"]
[Round "9"]
[White "Sermek,D"]
[Black "Hecht,HJ"]
[Result "1/2-1/2"]
[WhiteElo "2526"]
[BlackElo "2388"]

1.e4 e6 2.d4 d5 3.Nd2 Nc6 4.c3 e5 5.dxe5 dxe4 6.Qa4 Qd5 7.Qxe4 Qxe5 8.Bb5 Qxe4+
9.Nxe4 Bf5 10.Ng3 Bd7 11.Nf3 O-O-O 12.O-O f6 13.Be3 Nge7 14.Rfd1 a6 15.Bc4 Ng6
16.h3 Nce5 17.Bd5 Nxf3+ 18.Bxf3 Ne5 19.Bd5 Re8 20.Nh5 Be6 21.b3 Bf7 22.Bxf7 Nxf7
23.g4 Ng5 24.Kg2 Ne4 25.Bd4 c5 26.Be3 g6 27.Nf4 Nxc3 28.Rdc1 Nb5 29.Nd5 Re6
30.a4 Nc7 31.Nxc7 Kxc7 32.b4 Bd6 33.bxc5 Be5 34.Rab1 Kc8 35.c6 Rxc6 36.Rxc6+ bxc6
37.Rb6 Kd7 38.Rxa6 h5 39.Kf3 hxg4+ 40.hxg4 f5 41.gxf5 gxf5 42.a5 Rh3+ 43.Kg2 Rh2+
44.Kf3 Rh3+ 45.Ke2 f4 46.Bb6 Ra3 47.Ra8 f3+ 48.Kd1 c5 49.Bxc5 Rd3+ 50.Kc2 Rc3+
51.Kd2 Rxc5 52.Rf8 Rxa5 53.Rxf3 Ra2+ 54.Ke1 Ra1+ 55.Ke2 Ke6 56.Rd3 Kf5 57.Kf3 Ra4
58.Rb3 Rh4 59.Kg2 Bd4 60.Rh3 Bxf2  1/2-1/2

[Event "II Open del Mercantil"]
[Site "Sevilla ESP"]
[Date "2006.01.24"]
[Round "5"]
[White "Khamrakulov,I"]
[Black "Perez Garcia,R"]
[Result "1-0"]
[WhiteElo "2499"]
[BlackElo "2180"]

1.e4 e6 2.d4 d5 3.Nd2 Nc6 4.Ngf3 Nf6 5.e5 Nd7 6.c3 f6 7.exf6 Qxf6 8.Be2 Bd6
9.Nf1 h6 10.Ne3 b6 11.Ng4 Qf7 12.Qa4 Ncb8 13.Nfe5 Bxe5 14.Nxe5 Qf5 15.Bd3 Qf6
16.Ng6 Rg8 17.O-O c6 18.Re1 Bb7 19.Nf4 Nf8 20.Nxd5  1-0

[Event "Gibtelecom Masters"]
[Site "Gibraltar ENG"]
[Date "2006.01.26"]
[Round "3"]
[White "Osuna Vega,E"]
[Black "Volkov,S1"]
[Result "0-1"]
[WhiteElo "2192"]
[BlackElo "2629"]

1.e4 e6 2.d4 d5 3.Nd2 a6 4.Ngf3 Nf6 5.Bd3 c5 6.exd5 Qxd5 7.dxc5 Bxc5 8.Qe2 b5
9.Ne4 Nbd7 10.c3 Be7 11.O-O Bb7 12.Re1 Rd8 13.Bg5 Nxe4 14.Bxe4 Qxe4 15.Qxe4 Bxe4
16.Bxe7 Kxe7 17.Rxe4 Nc5 18.Rd4 Na4 19.Rb1 f6 20.Kf1 e5 21.Rxd8 Rxd8 22.Ke2 Ke6
23.Nd2 f5 24.Kd1 e4 25.Kc2 Nc5 26.Nb3 Nxb3 27.axb3 f4 28.Re1 Ke5 29.b4 Rd6
30.b3 Rh6 31.Rh1 Rg6 32.g3 Rf6 33.Rd1 fxg3 34.fxg3 Rf2+ 35.Kc1 e3 36.Rd7 Rf1+
37.Kc2 Kf6 38.Rd6+ Kf5 39.Rd5+ Ke4 40.Rd4+ Kf3 41.Rf4+ Ke2 42.Re4 Rf2 43.Re7 Kf3+
44.Kd1 Rf1+ 45.Kc2 e2  0-1

[Event "Bundesliga 2005-6"]
[Site "Zehlendorf GER"]
[Date "2006.01.28"]
[Round "8"]
[White "Voigt,R"]
[Black "Vaganian,R"]
[Result "1/2-1/2"]
[WhiteElo "2384"]
[BlackElo "2597"]

1.e4 e6 2.d4 d5 3.Nd2 Nc6 4.Ngf3 Nf6 5.e5 Nd7 6.Nb3 a5 7.a4 b6 8.Bb5 Na7
9.Be2 c5 10.O-O c4 11.Nbd2 b5 12.Ne1 Nb6 13.axb5 Nxb5 14.Nb1 Qc7 15.c3 a4
16.Nc2 Be7 17.f4 O-O 18.Nba3 Qc6 19.Qe1 f6 20.Qg3 Bd7 21.Qh3 Rab8 22.Bg4 f5
23.Bd1 Be8 24.Nxb5 Qxb5 25.Na3 Qc6 26.Bc2 Rb7 27.Bd2 Bg6 28.Rfb1 Rfb8 29.Qf3 Qe8
30.Bd1 h6 31.Nc2 Bh7 32.Qh3 Qf8 33.Nb4 Bxb4 34.cxb4 Qe8 35.Ra3 Ra8 36.Rba1 Bg6
37.g4 Kh7 38.Rg3 Nc8 39.Kf2 Ne7 40.g5 Nc6 41.gxh6 gxh6 42.Bxa4 Rg7 43.Rga3 Rb8
44.Bc3 Qc8 45.Bxc6 Qxc6 46.Rg1 Rbg8 47.Qh4 Qd7 48.Rg3 Be8 49.Bd2 Rg4 50.Qf6 R8g6
51.Qf8 Rg8 52.Qf6 R8g6 53.Qf8  1/2-1/2

[Event "Gibtelecom Masters"]
[Site "Gibraltar ENG"]
[Date "2006.02.01"]
[Round "9"]
[White "Carlsson,P"]
[Black "Pelletier,Y"]
[Result "1/2-1/2"]
[WhiteElo "2430"]
[BlackElo "2579"]

1.e4 e6 2.d4 d5 3.Nd2 Be7 4.Ngf3 Nf6 5.e5 Nfd7 6.c3 c5 7.Bd3 b6 8.O-O cxd4
9.cxd4 Ba6 10.Nb1 Bxd3 11.Qxd3 Nc6 12.Nc3 a6 13.Bf4 b5 14.Rac1 Rc8 15.g3 O-O
16.h4 Re8 17.Ng5 Bxg5 18.hxg5 Qb6 19.Ne2 Rc7 20.Kg2 Nb4 21.Qd2 Rc4 22.a3 Nc6
23.b3 Rxc1 24.Rxc1 Rc8 25.Qd3 Qb7 26.Bd2 Ne7 27.Rh1 Ng6 28.f4 Qc7 29.Rc1 Qb7
30.Rh1 Qc7 31.Rc1 Qb8 32.Rh1 Qc7  1/2-1/2

[Event "FSGM February"]
[Site "Budapest HUN"]
[Date "2006.02.04"]
[Round "1"]
[White "Murariu,A"]
[Black "Caruana,F"]
[Result "0-1"]
[WhiteElo "2461"]
[BlackElo "2409"]

1.e4 e6 2.d4 d5 3.Nd2 Be7 4.e5 c5 5.Ngf3 Nc6 6.Bd3 f6 7.c3 Qb6 8.O-O Bd7
9.Re1 O-O-O 10.Nf1 fxe5 11.dxe5 Nh6 12.Qc2 Rdf8 13.Bxh7 Qc7 14.Bxh6 gxh6
15.N1d2 h5 16.h4 Rf4 17.g3 Rg4 18.Bd3 c4 19.Bf1 Bc5 20.Kg2 Rf8 21.b4 Bb6
22.Qh7 Rf5 23.Re2 Kb8 24.a4 a5 25.b5 Nd8 26.Nh2 d4 27.Nxg4 Bc6+ 28.bxc6 Qxh7
29.Nf6 Qc7 30.cxd4 Qxc6+ 31.Kg1 Bxd4 32.Bg2 Qc7 33.Rc1 c3 34.Nf3 Qc4 35.Rec2 Nc6
36.Kh1 Rxf3 37.Bxf3 Nxe5 38.Be4 Qxa4 39.Nxh5 b5 40.Nf4  0-1

[Event "TCh-NED 2005-6"]
[Site "Netherlands NED"]
[Date "2006.02.04"]
[Round "6"]
[White "Van der Wiel,J"]
[Black "Visser,Y"]
[Result "1-0"]
[WhiteElo "2505"]
[BlackElo "2485"]

1.e4 e6 2.d4 d5 3.Nd2 Nc6 4.Ngf3 Nf6 5.e5 Nd7 6.Be2 Be7 7.Nf1 O-O 8.Ng3 f6
9.exf6 Nxf6 10.O-O Bd6 11.c4 b6 12.Re1 Kh8 13.a3 Bb7 14.cxd5 exd5 15.Bd3 Ne7
16.Qc2 Bxg3 17.hxg3 Ne4 18.Bf4 Ng6 19.Qxc7 Nxf4 20.Qxd8 Raxd8 21.gxf4 Rxf4
22.Rac1 Rdf8 23.Rc7 Bc8 24.Rxa7 Bg4 25.Bxe4 dxe4 26.Ne5 Be6 27.Re7 Bb3 28.Re3 Bc2
29.Nd7 Rd8 30.Rc3 Bd3 31.Ne5 Rdf8 32.Nd7 Rd8 33.Rc7 e3 34.fxe3 Rf1+ 35.Kh2 h6
36.Ne5  1-0

[Event "TCh-HUN 2005-6"]
[Site "Hungary HUN"]
[Date "2006.02.12"]
[Round "7"]
[White "Meszaros,Mi"]
[Black "Farago,I"]
[Result "1/2-1/2"]
[WhiteElo "2348"]
[BlackElo "2526"]

1.e4 e6 2.d4 d5 3.Nd2 Be7 4.Ngf3 Nf6 5.Bd3 c5 6.exd5 Qxd5 7.dxc5 Nbd7 8.Bc4 Qxc5
9.Qe2 O-O 10.Nb3 Qc7 11.Nbd4 Nb6 12.Bb3 Nbd5 13.O-O a6 14.Bg5 Bd6 15.Rfe1 h6
16.Bxf6 Nxf6 17.Rad1 Re8 18.Ne5 Bxe5  1/2-1/2

[Event "ch-CUB sf"]
[Site "Santa Clara CUB"]
[Date "2006.02.12"]
[Round "8"]
[White "Blanco,H"]
[Black "Borges Mateos,J"]
[Result "0-1"]
[WhiteElo "2357"]
[BlackElo "2449"]

1.e4 e6 2.d4 d5 3.Nd2 a6 4.e5 c5 5.c3 Qb6 6.Ndf3 Bd7 7.Bd3 Bb5 8.Ne2 Nc6
9.O-O Bxd3 10.Qxd3 Nge7 11.Ng3 h5 12.Bg5 Ng6 13.Rfe1 cxd4 14.cxd4 Qb5 15.Qe3 Rc8
16.Rec1 Kd7 17.Nd2 h4 18.Ne2 Be7 19.Bxe7 Ngxe7 20.Rc5 Qb6 21.Nb3 Nf5 22.Qf4 g6
23.Rac1 Qb4 24.R1c3 b6 25.a3 Qa4 26.g4 hxg3 27.hxg3 Ke8 28.Qc1 bxc5 29.Nxc5 Qb5
30.Nf4 Nfxd4 31.Qe3 Qxb2 32.Kg2 g5 33.Nxd5 exd5 34.e6 f6 35.e7 Qb1 36.Rc1 Qh7  0-1

[Event "FSGM February"]
[Site "Budapest HUN"]
[Date "2006.02.13"]
[Round "10"]
[White "Bellia,F"]
[Black "Radziewicz,I"]
[Result "0-1"]
[WhiteElo "2390"]
[BlackElo "2421"]

1.e4 e6 2.d4 d5 3.Nd2 Be7 4.e5 Nh6 5.Ngf3 f6 6.Nb3 Nf7 7.exf6 gxf6 8.c4 Nc6
9.Be2 Nb4 10.O-O dxc4 11.Bxc4 Nd5 12.Re1 c6 13.Bd2 b6 14.Nh4 a5 15.a4 Ra7
16.g3 O-O 17.Bd3 f5 18.Nf3 Bf6 19.Qc2 Nd6 20.Ne5 Rc7 21.Rac1 Bxe5 22.dxe5 Nf7
23.Nd4 Ng5 24.Kg2 c5 25.Nf3 Nxf3 26.Kxf3 Bb7 27.Ke2 Qe8 28.Kf1 Qh5 29.Kg1 Nb4
30.Bxb4 Qf3 31.Kf1 Qg2+ 32.Ke2 f4 33.g4 Bf3+  0-1

[Event "Bundesliga 2005-6"]
[Site "Koelln GER"]
[Date "2006.02.18"]
[Round "10"]
[White "Wegener,O"]
[Black "Jackelen,T"]
[Result "1/2-1/2"]
[WhiteElo "2404"]
[BlackElo "2454"]

1.e4 e6 2.d4 d5 3.Nd2 Be7 4.Bd3 c5 5.dxc5 Nf6 6.Qe2 O-O 7.Ngf3 a5 8.O-O Na6
9.e5 Nd7 10.c3 Naxc5 11.Bc2 b6 12.Re1 Ba6 13.Qe3 f6 14.exf6 Bxf6 15.Nb3 e5
16.Nxc5 bxc5 17.Ng5 Bxg5 18.Qxg5 Qf6 19.Qxf6 gxf6 20.Bf5 Nb6 21.b3 Bc8 22.Bc2 Bb7
23.Bf5 Bc8 24.Bc2 Bb7  1/2-1/2

[Event "Bundesliga 2005-6"]
[Site "Tegernsee GER"]
[Date "2006.02.18"]
[Round "10"]
[White "Werner,Di"]
[Black "Kindermann,S"]
[Result "1/2-1/2"]
[WhiteElo "2372"]
[BlackElo "2535"]

1.e4 e6 2.d4 d5 3.Nd2 Be7 4.Ngf3 Nf6 5.Bd3 c5 6.dxc5 dxe4 7.Nxe4 Nxe4 8.Bxe4 Qxd1+
9.Kxd1 Bxc5 10.Ke2 Nd7 11.Rd1 Be7 12.Nd4 Nc5 13.Bf3 Bd7 14.Nb3 O-O-O 15.Nxc5 Bxc5
16.Be3 Bb5+ 17.Ke1 Bxe3 18.fxe3 Kc7 19.Rd4 Rxd4 20.exd4 Rd8 21.c3 Bc6 22.Ke2 b5
23.Bxc6 Kxc6 24.Rf1 f6 25.Rf3 a5 26.Re3 Kd5 27.Kd3 e5 28.dxe5 fxe5 29.Rg3 g6
30.Ke2 Ke6 31.Rd3 Rc8 32.Kd2 Rf8 33.Ke2 Rc8 34.Kd2 Rf8 35.Ke2  1/2-1/2

[Event "22nd Open"]
[Site "Cappelle la Grande FRA"]
[Date "2006.02.19"]
[Round "2"]
[White "De la Paz,F"]
[Black "Gdanski,J"]
[Result "0-1"]
[WhiteElo "2445"]
[BlackElo "2540"]

1.e4 e6 2.d4 d5 3.Nd2 a6 4.Ngf3 c5 5.exd5 exd5 6.dxc5 Bxc5 7.Nb3 Ba7 8.Qe2+ Ne7
9.Bg5 Nc6 10.O-O-O O-O 11.Nfd4 Re8 12.Qh5 Qd6 13.Be2 Nf5 14.Nxf5 Bxf5 15.Bd3 Bxd3
16.Rxd3 Rac8 17.Bd2 Ne5 18.Rh3 Qg6 19.Qxg6 hxg6 20.Rf1 Ng4 21.f4 Re2 22.Rg3 Nxh2
23.Rh1 Rf2 24.Rh3 Rf1+ 25.Rxf1 Nxf1 26.Rd3 Re8 27.Rxd5 Nxd2 28.Kxd2 Be3+
29.Kd1 Bxf4 30.Nc5 Re7 31.Nd3 Bc7 32.c4 f5 33.b4 Kf7 34.b5 axb5 35.Rxb5 b6
36.a4 Ke6 37.Nb4 Kd6 38.Nd5 Re4 39.Nxb6 Rg4  0-1

[Event "22nd Open"]
[Site "Cappelle la Grande FRA"]
[Date "2006.02.20"]
[Round "3"]
[White "Sebag,M"]
[Black "Gutman,G"]
[Result "1/2-1/2"]
[WhiteElo "2415"]
[BlackElo "2517"]

1.e4 e6 2.d4 d5 3.Nd2 a6 4.Ngf3 c5 5.exd5 exd5 6.dxc5 Bxc5 7.Nb3 Bb6 8.Bd3 Nf6
9.Qe2+ Qe7 10.Qxe7+ Kxe7 11.O-O Nc6 12.Re1+ Be6 13.Be3 Bxe3 14.Rxe3 Kd6 15.c3 Rhe8
16.h3 Bd7 17.Rae1 Rxe3 18.Rxe3 Re8 19.Rxe8 Bxe8 20.Nbd4 Nxd4 21.Nxd4 Bd7
22.f3 Nh5 23.Ne2 Ke5 24.Kf2 f5 25.h4 h6 26.Nd4 f4 27.Bg6 Ng3 28.Nb3 Bb5 29.Nd4 Ba4
30.b4 Bb5 31.a3 b6 32.Nxb5 axb5 33.Bd3 d4 34.c4 bxc4 35.Bxc4 d3 36.Bxd3 Kd4
37.a4 Nh5 38.a5 bxa5 39.bxa5 Kc5 40.a6 Kb6 41.Ke2 g5 42.hxg5 hxg5 43.Bc4 Ng3+
44.Kd3 Nf5 45.Be6 Ne3 46.g4 Kxa6 47.Ke4 Kb6 48.Ke5 Kc5 49.Kf6 Nc2 50.Kxg5 Nd4
51.Kxf4 Nxe6+ 52.Ke5 Nf8 53.g5 Ng6+ 54.Kf6 Nf4 55.Kf5 Nh5 56.Ke5 Kc6 57.Ke6 Kc5
58.g6 Kd4 59.Kf5 Ng7+ 60.Kf6 Nh5+ 61.Kg5 Ng7 62.Kf4 Kd5 63.Kg5 Ke6 64.f4 Nf5
65.g7 Nxg7 66.Kg6  1/2-1/2

[Event "22nd Open"]
[Site "Cappelle la Grande FRA"]
[Date "2006.02.20"]
[Round "4"]
[White "Degraeve,JM"]
[Black "Zaragatski,I"]
[Result "1/2-1/2"]
[WhiteElo "2553"]
[BlackElo "2400"]

1.e4 e6 2.d4 d5 3.Nd2 Nc6 4.Ngf3 Nf6 5.e5 Nd7 6.Bd3 f6 7.exf6 Qxf6 8.Nf1 e5
9.Ne3 Nxd4 10.Nxd5 Nxf3+ 11.Kf1 Qd6 12.Qxf3 Nc5 13.Bg5 Nxd3 14.cxd3 Be6 15.Nc3 Be7
16.Bxe7 Qxe7 17.Re1 O-O-O 18.Rxe5 Qd7 19.h3 Rhe8 20.Kg1  1/2-1/2

[Event "22nd Open"]
[Site "Cappelle la Grande FRA"]
[Date "2006.02.20"]
[Round "4"]
[White "Zinchenko,Ya"]
[Black "Van Beek,Al"]
[Result "1-0"]
[WhiteElo "2501"]
[BlackElo "2344"]

1.e4 e6 2.d4 d5 3.Nd2 Be7 4.Bd3 c5 5.dxc5 Nf6 6.Qe2 Nc6 7.Ngf3 Nb4 8.Nb3 Nxd3+
9.cxd3 a5 10.Bg5 a4 11.Nbd2 b6 12.c6 dxe4 13.Nxe4 Ba6 14.Rd1 Rc8 15.Nxf6+ gxf6
16.Bh6 Rxc6 17.Qe4 Rd6 18.Bg7 f5 19.Qxa4+ b5 20.Qc2 Rg8 21.Be5 Bb7 22.Bxd6 Bxd6
23.Kf1 Rxg2 24.Kxg2 Qg5+ 25.Kf1 Bxf3 26.Rg1 Qh6 27.Rg8+ Ke7 28.Qc8 Qh3+ 29.Ke1 Kf6
30.Qd8+ Ke5 31.d4+ Kd5 32.Qa8+  1-0

[Event "22nd Open"]
[Site "Cappelle la Grande FRA"]
[Date "2006.02.24"]
[Round "8"]
[White "Jaracz,P"]
[Black "Van Beek,Al"]
[Result "1-0"]
[WhiteElo "2486"]
[BlackElo "2344"]

1.e4 e6 2.d4 d5 3.Nd2 Be7 4.Bb5+ c6 5.Ba4 dxe4 6.Nxe4 Nf6 7.Nxf6+ Bxf6 8.Nf3 O-O
9.c3 Nd7 10.Bf4 Qa5 11.O-O e5 12.b4 Qd5 13.dxe5 Qe4 14.Qd2  1-0

[Event "TCh-CZE Extraliga 2005-6"]
[Site "Czech Rep CZE"]
[Date "2006.02.26"]
[Round "9"]
[White "Petr,Ma"]
[Black "Kanovsky,D"]
[Result "1/2-1/2"]
[WhiteElo "2416"]
[BlackElo "2351"]

1.e4 e6 2.d4 d5 3.Nd2 Be7 4.c3 c5 5.dxc5 Nf6 6.exd5 Qxd5 7.b4 a5 8.Ngf3 O-O
9.Bc4 Qh5 10.O-O Nd5 11.Qb3 Nc6 12.b5 a4 13.Qc2 Na5 14.Bxd5 exd5 15.Qxa4 Bg4
16.h3 Bd7 17.Nd4 Bxc5 18.N2f3 Rfc8 19.Re1 Bd6 20.Qc2 Nc4 21.a4 f6 22.Bd2 Kf7
23.Nh2 Qg6 24.Qxg6+ hxg6 25.Bc1 Ra5 26.Nb3 Ra7 27.Rd1 Be6 28.a5 Be5 29.Rd3 Bf5
30.Rxd5 Bxc3 31.Ra2 Nxa5 32.Nxa5 Be6 33.b6 Ra6 34.Nxb7 Rxa2 35.Nd6+ Kf8 36.Rc5 Rxc5
37.b7 Rb5 38.Nxb5 Be5 39.Ba3+ Kg8 40.f4 Bb8 41.Bd6 Bd5 42.Nf3 Bxf3 43.gxf3 Rb2
44.Bxb8 Rxb5 45.Kg2 Rxb7 46.Bd6 Kf7 47.Kg3 Ke6 48.Bc5 Kd5 49.Bf8 Kd4 50.Kf2 Rb2+
51.Kg3 Rb7 52.Kf2 Kd3 53.Bc5 Rb2+ 54.Kg3 Ke2 55.Bf8 Rb7 56.Kg4 Ra7 57.h4 Rf7
58.Bc5 Rc7 59.Bf8 Rc1 60.f5 Rg1+ 61.Kf4 gxf5 62.Kxf5 Kxf3 63.Bxg7 Rxg7 64.Kxf6 Rg1
65.h5 Rh1 66.Kg6 Rg1+ 67.Kf6 Rh1 68.Kg6 Kf4 69.h6 Rg1+ 70.Kf6 Rh1 71.Kg7 Rxh6  1/2-1/2

[Event "TCh-HUN 2005-6"]
[Site "Hungary HUN"]
[Date "2006.02.26"]
[Round "8"]
[White "Schneider,Ve"]
[Black "Balog,I1"]
[Result "1-0"]
[WhiteElo "2181"]
[BlackElo "2221"]

1.e4 e6 2.d4 d5 3.Nd2 Be7 4.Bd3 Nf6 5.e5 Nfd7 6.Ne2 c5 7.c3 Nc6 8.O-O Qb6
9.Nf3 Nf8 10.dxc5 Bxc5 11.b4 Be7 12.Ned4 Ng6 13.Re1 a6 14.a3 Bd7 15.Ra2 Rc8
16.Rae2 O-O 17.h4 Nxd4 18.cxd4 Rc3 19.h5 Rxd3 20.Qxd3 Bb5 21.Qe3 Bxe2 22.Rxe2 Nh4
23.Nxh4 Bxh4 24.Qf4 Rc8 25.Qxh4 Rxc1+ 26.Kh2 h6 27.Re3 Qc7 28.Rg3 Rc3 29.f3 Qc8
30.Qf6 Qf8 31.Qxh6 Rxa3 32.Qg5 Kh7 33.Qd2 Qd8 34.Rg4 b5 35.Kh3 Ra1 36.Kh2 Ra4
37.f4 Qe7 38.Qc2+ Kg8 39.h6 g6 40.h7+ Kxh7 41.Rg3 Kg8 42.Rh3 Qd8 43.f5 exf5
44.Qc1 g5 45.Rh5 f6 46.Qc6 g4 47.Qb7 g3+ 48.Kh3 Qe8 49.Qh7+ Kf8 50.Qh8+ Ke7
51.Rh7+ Kd8 52.Qg7  1-0

[Event "Masters"]
[Site "Bruges BEL"]
[Date "2006.03.01"]
[Round "6"]
[White "Maenhout,T"]
[Black "Goczo,M"]
[Result "1-0"]
[WhiteElo "2303"]
[BlackElo "2225"]

1.e4 e6 2.d4 d5 3.Nd2 Nc6 4.Ngf3 Nf6 5.e5 Nd7 6.c4 dxc4 7.Nxc4 Nb6 8.Nxb6 axb6
9.Bd3 Qd5 10.O-O Bd7 11.Be3 Nb4 12.Bb1 Bc6 13.Re1 Be7 14.a3 h6 15.Bd2 Qd7
16.Bxb4 Bxb4 17.Re3 Be7 18.Be4 Bxe4 19.Rxe4 Qd5 20.Qe2 g6 21.Ne1 O-O 22.Nd3 Qb5
23.Rg4 Kh7 24.Rd1 Rad8 25.Qf3 Qc5 26.Qe2 Qb5 27.h4 h5 28.Rf4 Kg7 29.Qf3 Qd5
30.Re4 Qb3 31.Qe2 Qb5 32.a4 Qxa4 33.Nf4 Rh8 34.d5 Qb3 35.Red4 Bc5 36.R4d3 Qc4
37.Qf3 Rhf8 38.b3 Qc2 39.b4 Bxb4 40.Nxh5+ Kh6  1-0

[Event "4NCL 2005-06"]
[Site "Birmingham ENG"]
[Date "2006.03.04"]
[Round "7"]
[White "Jones,G"]
[Black "Wallace,JP"]
[Result "1-0"]
[WhiteElo "2418"]
[BlackElo "2392"]

1.e4 e6 2.d4 d5 3.Nd2 Be7 4.Ngf3 Nf6 5.e5 Nfd7 6.Bd3 c5 7.c3 Nc6 8.O-O a5
9.Re1 a4 10.Nf1 a3 11.b3 cxd4 12.cxd4 Nb4 13.Bb1 Nb8 14.Ng3 h5 15.Nd2 h4
16.Nh5 Qc7 17.Qf3 Rxh5 18.Qxh5 Qc3 19.Nf3 Qxa1 20.Bg5 N8c6 21.Bg6 Qxe1+ 22.Nxe1 fxg6
23.Qxg6+ Kd8 24.Nd3 Nxa2 25.Qxg7 b6 26.f4 Bd7 27.f5 exf5 28.e6 Be8 29.Bxe7+ Nxe7
30.Qe5 Ra7 31.Qd6+ Kc8 32.Qxb6 Nc6 33.Kf2 Nc3 34.Ne5 Rb7 35.Qa6 Nxe5 36.Qa8+ Kc7
37.Qa5+ Kd6 38.dxe5+ Kxe5 39.Qxc3+ d4 40.Qa5+ Bb5 41.e7 Kf4 42.Qxa3 Be8 43.Qd6+  1-0

[Event "4NCL 2005-06"]
[Site "Birmingham ENG"]
[Date "2006.03.05"]
[Round "8"]
[White "Ferguson,M"]
[Black "Anderton,D"]
[Result "1-0"]
[WhiteElo "2388"]
[BlackElo "2267"]

1.e4 e6 2.d4 d5 3.Nd2 Be7 4.Bd3 c5 5.dxc5 Nf6 6.exd5 Qxd5 7.Ngf3 Qxc5 8.O-O O-O
9.Nc4 Nc6 10.a3 b5 11.Ne3 Bb7 12.Qe2 a6 13.b4 Qh5 14.Bb2 Rfd8 15.c4 bxc4
16.Bxc4 Nd5 17.Nxd5 exd5 18.Bb3 Bd6 19.h3 Re8 20.Qd2 Ne5 21.Nxe5 Bxe5 22.Bxe5 Rxe5
23.Bd1 Qh4 24.Bf3 Rae8 25.Rac1 h6 26.Rc7 R8e7 27.Rfc1 Qf6 28.Rxe7 Qxe7 29.g3 h5
30.h4 g6 31.Qd4 Re1+ 32.Rxe1 Qxe1+ 33.Kg2 Qe6 34.a4 Bc6 35.a5 Qd7 36.Qc5 Kh7
37.Kg1 Qe6 38.Kh2 Qf6 39.Bg2 Qe6 40.f4 Qd7 41.Bh3 Qe8 42.Bg2 Qe6 43.Qb6 Bb5
44.Qxe6 fxe6 45.Kg1 Bd7 46.Kf2 Kg7 47.Bf1 Bc8 48.Ke3 Kf6 49.Kd4 Bb7 50.Bd3 Bc8
51.Kc5 e5 52.Kxd5 Bb7+ 53.Kc5 e4 54.Bf1 Bc8 55.Kd4 Bb7 56.Bh3 Ke7 57.Bg2 e3
58.Bf1 Bg2 59.Bxa6  1-0

[Event "LXIII ch-POL"]
[Site "Krakow POL"]
[Date "2006.03.05"]
[Round "9"]
[White "Czarnota,P"]
[Black "Bartel,Mat"]
[Result "1/2-1/2"]
[WhiteElo "2497"]
[BlackElo "2524"]

1.e4 e6 2.d4 d5 3.Nd2 a6 4.Ngf3 Nf6 5.e5 Nfd7 6.Bd3 c5 7.c3 Nc6 8.O-O Be7
9.Re1 g5 10.h3 h5 11.c4 Nf8 12.Nf1 g4 13.hxg4 hxg4 14.N3h2 dxc4 15.Be4 cxd4
16.Nxg4 Qc7 17.Bf4 Nd7 18.Qf3 d3 19.Bxc6 Qxc6 20.Qxc6 bxc6 21.Nfe3 Nb6 22.Rec1 Rg8
23.f3 Rb8 24.Rab1 d2 25.Rc2 Nd5 26.Rxc4 Nxf4 27.Rxf4 Bc5 28.Kh2 Rxg4 29.Nxg4 Rxb2
30.Rd1 a5 31.Rc4 Bb4 32.Nf6+ Kd8 33.a3 Bxa3 34.Rd4+ Kc7 35.R1xd2 Rxd2 36.Rxd2 Bb4
37.Rd1 a4 38.Ne8+ Kb6 39.Nd6 Ba6 40.f4 Bc3 41.Rb1+ Bb5 42.g4 Kc5 43.Rc1 Kd4
44.Nxf7 a3 45.Nd6 Bd3 46.f5 a2 47.fxe6 Kd5 48.e7 Bxe5+ 49.Kg2 Bg6 50.e8=Q Bxe8
51.Nxe8 a1=R  1/2-1/2

[Event "Victor Ciocaltea Mem"]
[Site "Bucharest ROM"]
[Date "2006.03.13"]
[Round "6"]
[White "Lemmers,O"]
[Black "Ionescu,M"]
[Result "1-0"]
[WhiteElo "2425"]
[BlackElo "2389"]

1.e4 e6 2.d4 d5 3.Nd2 Be7 4.Ngf3 Nf6 5.e5 Nfd7 6.Bd3 c5 7.c3 Nc6 8.O-O a5
9.a4 b6 10.Re1 cxd4 11.cxd4 Nb4 12.Bb5 Ba6 13.Nb1 Bxb5 14.axb5 O-O 15.Nc3 Re8
16.Bf4 Rc8 17.g3 Kh8 18.h4 f5 19.exf6 Bxf6 20.h5 Qe7 21.Qd2 Qf7 22.h6 gxh6
23.Kg2 Bg7 24.Rh1 Rf8 25.Rae1 Rce8 26.Re3 Qg6 27.Ne2 Rc8 28.Bd6 Rfe8 29.Nf4 Qf7
30.Bxb4 axb4 31.Rhe1 Nf6 32.Ne5 Qc7 33.Nc6 Ne4 34.Qxb4 Bf8 35.Qb3 Bd6 36.Nxe6 Qf7
37.Rxe4 dxe4 38.Rxe4 Qf5 39.Re3 h5 40.d5 Kg8 41.Rf3 Qg6 42.Ncd4 Qb1 43.Qe3 Bc5
44.Rf6 Re7 45.Qg5+ Kh8 46.Qe5 Kg8 47.Nf5  1-0

[Event "XXII Open"]
[Site "Reykjavik ISL"]
[Date "2006.03.13"]
[Round "8"]
[White "Tissir,M"]
[Black "Matamoros Franco,C"]
[Result "1/2-1/2"]
[WhiteElo "2444"]
[BlackElo "2510"]

1.e4 e6 2.d4 d5 3.Nd2 Nc6 4.Ngf3 Nf6 5.e5 Nd7 6.Bb5 a6 7.Ba4 b5 8.Bb3 Na5
9.O-O c5 10.c3 Nxb3 11.Nxb3 c4 12.Nbd2 b4 13.Re1 a5 14.Re2 a4 15.cxb4 Bxb4
16.a3 Be7 17.Nb1 Nb8 18.Nc3 Bd7 19.Be3 Nc6 20.Nxa4 Nxe5  1/2-1/2

[Event "66th ch-ARM"]
[Site "Yerevan ARM"]
[Date "2006.03.18"]
[Round "3"]
[White "Kalashian,D"]
[Black "Asrian,K"]
[Result "1/2-1/2"]
[WhiteElo "2319"]
[BlackElo "2646"]

1.e4 e6 2.d4 d5 3.Nd2 Nc6 4.Ngf3 Nf6 5.e5 Nd7 6.Be2 f6 7.exf6 Qxf6 8.Nf1 Bd6
9.Ne3 O-O 10.O-O Qg6 11.c4 Nf6 12.h3 Bd7 13.b3 Ne4 14.Bb2 Rad8 15.Ng4 h5
16.Nge5 Nxe5 17.Nxe5 Bxe5 18.dxe5 Be8 19.b4 Qg5 20.Qc1 Rf4 21.Bd4 Qh4 22.Be3 Rf7
23.cxd5 Rxd5 24.Bc4 Rxe5 25.f4 Rd5 26.Bxd5 exd5 27.a4 Bd7 28.Ra2 a6 29.Qxc7 Bxh3
30.Qb8+ Kh7 31.Qe5 Bf5 32.Qxd5 Qf6 33.Qe5 Qg6 34.Rd1 Qg3 35.Re2 Qg4 36.Rde1 Ng3
37.Bf2 Nxe2+ 38.Qxe2 Qg6 39.Qf3 Bg4 40.Qe4 Bf5 41.Qf3 Rc7 42.Bc5 b6 43.Bd4 Bg4
44.Qa8 Rd7 45.Bc3 Qd3 46.Qe4+ Qxe4 47.Rxe4 Rd3  1/2-1/2

[Event "Sozina Open"]
[Site "Bar SCG"]
[Date "2006.03.19"]
[Round "2"]
[White "Krivokapic,M"]
[Black "Drasko,M"]
[Result "1/2-1/2"]
[WhiteElo "2352"]
[BlackElo "2507"]

1.e4 e6 2.d4 d5 3.Nd2 Nc6 4.Ngf3 Nf6 5.e5 Nd7 6.Be2 Be7 7.Nf1 O-O 8.Ng3 f6
9.exf6 Bxf6 10.Nh5 e5 11.dxe5 Ndxe5 12.O-O Be6 13.Nxf6+ Qxf6 14.Ng5 Rad8
15.Nxe6 Qxe6 16.h3 Ng6 17.g3 Qf6 18.Be3 d4 19.Bd2 Nge7 20.Bc4+ Kh8 21.f4 Nd5  1/2-1/2